000 00287 a2200145 4500
001 58275
020 _a
040 _cAnchieta - Pituba
100 _aTessa
240 1 0 _aPoemas de Tessa
_lpor
245 1 0 _aPoemas de Tessa
300 _a
650 4 _aPoesia brasileira
942 _cBK
999 _c58275
_d58275